• 首页
  • 本馆介绍
  • 公告通知
  • 最新文献
  • 馆藏检索
  • 电子资源
  • 读者导购
  • 参考咨询
  • 我的图书馆
  • 登录
  • 详细信息显示
  • 放入我的书架
  • 预约/预借图书
  • 作者相关作品
  • 分类相关作品
  • 丛书相关作品
  • 出版社相关作品

书目信息

  • 表格格式
  • 工作单格式
  • 卡片格式
题名:
西班牙史纲
    
 
作者: 伊·莫·马依斯基 著 ;北京编译社 译
分册: 上册  
出版信息: 上海   生活·读书·新知三联书店  1972.11
页数: 422页
开本: 20cm
丛书名:
单 册:
中图分类: K551.0
科图分类:
主题词: 欧洲--历史
电子资源:
ISBN:
000 00758nam0 2200241 45
001 0212171073
005 20060801085744.20
010    @dCNY2.35
091    @a11002.447
100    @a20021217d1972 km y0chiy0120 ea
101 0  @achi
105    @ab z 000yy
200 1  @a西班牙史纲@AXi Ban Ya Shi Gang@e1808-1917年@E1808-1917 Nian@h上册@f(苏)伊·莫·马依斯基著@F(Su)Yi·Mo·Ma Yi Si Ji Zhu@g北京编译社译
210    @a上海@c生活·读书·新知三联书店@d1972.11
215    @a422页@d20cm
300    @a内部参考读物
517    @a1808-1917年@A1808-1917 Nian
606 0  @a欧洲@x历史
690    @aK551.0@v3
701  0 @a伊·莫·马依斯基@4著
712 02 @a北京编译社@ABei Jing Bian Yi She@4译
801    @aCN@bTSTC@c20060801
905    @dK551.0@e2:1(1)@f1@b219141
    
    西班牙史纲:1808-1917年.上册/(苏)伊·莫·马依斯基著/北京编译社译.-上海:生活·读书·新知三联书店,1972.11
    422页;20cm
    内部参考读物
    
    ISBN :CNY2.35
    
●
相关链接 在E读中查询图书 在五车中查询图书 在当当中查询图书 在豆瓣中查询图书


正题名:西班牙史纲     索取号:K551.0/2:1(1)         预约/预借

序号 登录号 条形码 馆藏地/架位号 状态 备注
1 0219141   001736820   第二样本阅览室/ [索取号:K551.0/2:1(1)] 在馆    
2 0444042   204440426   密集书库/ [索取号:K551.0/2:1(1)] 在馆    
唐山师范学院图书馆 欢迎您!
大连网信软件有限公司© 版权所有